Quizzes
Events
Quiz Creation
Community
Videos
Private Events
Remove Ads
Sign In
Join for FREE
Feedback
Dark Mode
Quiz Categories
Sports
Geography
Music
Movies
Television
Just For Fun
Miscellaneous
History
Literature
Language
Science
Gaming
Entertainment
Religion
Holiday
For Kids
Quiz Lab
Recent
Popular Today
Quiz Kudos Today
Editor Picks
Curator Picks
Quizzes by...
Day
Popularity
Type
Ratings
Length
Year
Community
Subscriptions
Recent Discussions
Orange Saloon
Badges
Playlists
Quests
Create
Leaderboards
Showdown
Live 5
Trivia Bingo
Activity
Puzzle Library
Sporcle Events
Private Events
Virtual Trivia
Globe League
Become a Host
Pub Owners
SporcleCon
Opinionation
Our Games
Videos
Blog
Mobile Apps
Partnerships
Remove Ads and Go Orange
Feedback
Sports
Athletes
MLB
NBA
NHL
NFL
Soccer
Sports Teams
WWE
NCAA
Football
Premier League
Basketball
Baseball
Hockey
Golf
Tennis
Cricket
Rugby
Auto Racing
Olympics
World Cup
Sports
Athletes
MLB
NBA
NHL
NFL
Soccer
Sports Teams
WWE
NCAA
Football
Premier League
Basketball
Baseball
Hockey
Golf
Tennis
Cricket
Rugby
Auto Racing
Olympics
World Cup
Random Quiz
Search Sporcle
×
Quiz Lab
Quiz Lab
Sports
Safe Cracker
Type in answers that appear in a list
Type in answers that appear in a list
Classic
Best Score? Go Orange.
Safe Cracker: Last Five MVPs Stats
Can you name the the MVPs in chronological order to open the safe?
By
guide
4m
29 Questions
2,555 Plays
2,555 Plays
2,555 Plays
Comments
Comments
Give Quiz Kudos
Give Quiz Kudos
-
- Ratings
hide this ad
No Skip
Answers have to be entered in order without skipping
Answers have to be entered in order without skipping
Replay
Link that replays current quiz
Next Quiz
Link to next quiz in quiz playlist
You Got
0%
They Got
Avg Score
49%
Avg Friend Score
Upgrade to see
Score Distribution
Jump to the score distribution portion of the page
Score
0/29
Timer
04:00
0
Plays Today
% Correct
???
100%
???
99.8%
???
98.2%
???
93.2%
???
90%
???
87.3%
???
75.1%
???
73.9%
???
72.2%
???
71.2%
???
70.4%
???
59.1%
???
56.6%
???
50.2%
???
42.9%
% Correct
???
39.4%
???
38.2%
???
35.6%
???
32.4%
???
31.9%
???
31.5%
???
31.2%
???
29.1%
???
27.9%
???
18.5%
???
18.2%
???
17.6%
???
17.3%
???
14.5%
Quiz Playlist
Details
Report
Send in Message
Add To Playlist
Classic:
Type in answers that appear in a list
No Skip:
Answers have to be entered in order without skipping
Last Updated: Feb 16, 2017
Quiz Scoreboard
CHALLENGE
Sign Up to Join the Scoreboard
Show All
Scores
Hide
Comments
May contain spoilers
Recently Published
TV Characters by Other Roles V
by ghcgh
Television
5m
Decade Duel: World Leaders
by jenniferyan
History
4m
Alphabetical 'K' Countries by Flag Minefield
by ylime102
Geography
3m
More to Explore
Quiz From the Vault
Featured Blog Post
15 Basketball Trivia Facts You Can Be March Mad About
hide this ad
You Might Also Like...
Tags
chronological
Cracker
Five
last
MVP
open
Order
safe
Safe Cracker
Today's Top Quizzes in Sports
Browse Sports
hide this ad
Today's Top Quizzes in Safe Cracker
Browse Safe Cracker
Top Contributed Quizzes in Sports
1
Les joueurs à 100 buts en Ligue 1 Uber Eats
2
2022 World Cup Stars
3
Pick 6: NFL Teams
4
MLB 2 truths and a lie: Hall of Fame pitchers
5
Pick 6: Minor League Baseball
6
Millionaire: NBA Finals Edition
7
Pick 6: Olympics
8
50+ Goals in European Competition
9
Click the 1998 NBA Draft
10
Iconic Moments in Football - Multiple Choice
Explore More
Trending Topics
NBA
Kpop
Marvel
Crossword
Anime
Disney
Harry Potter
Song
Country
The Office
Puzzle
Soccer
Pokémon
NFL
WWE
hide this ad
More By:
guide
Quiz
Plays
Rating
Category
Featured
Created
Top 100 UEFA Clubs
425,935
3.41
Sports
Apr 3, 2011
Premier League 50+ Appearances: Manchester United
203,174
4.40
Sports
May 6, 2011
Big 4 Safe Cracker: Last Five Champions
175,355
3.80
Sports
Apr 8, 2011
4-Letter Safe Cracker
173,972
3.26
Just For Fun
Apr 11, 2011
European Cup Winners
147,076
4.20
Sports
Mar 29, 2012
Go to Creator's Profile
Score Distribution
Quiz Creator Spotlight
guide
Follow
Send a Message
Quizzes Created
-
Created Quiz Play Count
-
More By This Creator
Popular Quizzes Today
1
Countries of Asia Without Outlines Minefield
2
Find the US States - No Outlines Minefield
3
Pick 6: Fruits
4
The Countries of the World
5
Find the Countries of Europe - No Outlines Minefield
6
Alphabetical 'K' Countries by Flag Minefield
7
US States
8
Find the US States
More Sports Quizzes
NFL Top 100 Players of 2017
Quiz Lab
Trending Quizzes
Pick 6: Mountains
Pick 6: Harry Potter
Pick 6: Flags
Pick 6: NFL Teams
C Names for Actors
Recently Updated
Adaptations: Name the Title
pecheneg
NWSL Teams
pecheneg
Women's Final Four Teams by Year
bhenderson79
Presidents Quartet II
eogle
Anything But Clue(do)
eogle
Anything But Oceanian Capitals
eogle
Anything But 7
eogle
Anything But Thing
eogle
Word Ladder: February 29
pecheneg
Song Title Questions
pecheneg
Trending Topics
Disney
NBA
Crossword
Marvel
Anime
Kpop
Harry Potter
Song
Pokémon
NFL
WWE
The Office
Country
Puzzle
Soccer
Your Account Isn't Verified!
In order to create a playlist on Sporcle, you need to verify the email address you used during registration. Go to your
Sporcle Settings
to finish the process.
Report this User
Report this user for behavior that violates our
Community Guidelines
.
Details:
Send Report
Go to the Sporcle.com Mobile Site →
Comments